<?xml version="1.0" encoding="UTF-8"?>
<record
    xmlns:xsi="http://www.w3.org/2001/XMLSchema-instance"
    xsi:schemaLocation="http://www.loc.gov/MARC21/slim http://www.loc.gov/standards/marcxml/schema/MARC21slim.xsd"
    xmlns="http://www.loc.gov/MARC21/slim">

  <leader>01252    a2200217   4500</leader>
  <controlfield tag="001">62493</controlfield>
  <controlfield tag="005">20260407155918.0</controlfield>
  <controlfield tag="008">260407a2003    arg                 spa d</controlfield>
  <controlfield tag="003">AR-UNSa-BCEJYS</controlfield>
  <datafield tag="040" ind1=" " ind2=" ">
    <subfield code="a">AR-UNSa-BCEJYS</subfield>
    <subfield code="b">spa</subfield>
    <subfield code="c">AR-UNSa-BCEJYS</subfield>
  </datafield>
  <datafield tag="080" ind1=" " ind2=" ">
    <subfield code="a">338.246</subfield>
    <subfield code="x">Medidas econ&#xF3;micas. Instrumentos de la pol&#xED;tica econ&#xF3;mica (Privatizaci&#xF3;n))</subfield>
  </datafield>
  <datafield tag="245" ind1="1" ind2="0">
    <subfield code="a">Las privatizaciones en la Argentina</subfield>
    <subfield code="p">Diagn&#xF3;stico y propuestas para una mayor competitividad y equidad social</subfield>
  </datafield>
  <datafield tag="020" ind1=" " ind2=" ">
    <subfield code="a">978-84-95294-45-6</subfield>
  </datafield>
  <datafield tag="264" ind1=" " ind2="1">
    <subfield code="a">Buenos Aires :</subfield>
    <subfield code="b">Fundaci&#xF3;n OSDE</subfield>
    <subfield code="c">2003</subfield>
  </datafield>
  <datafield tag="300" ind1=" " ind2=" ">
    <subfield code="a">344 p.</subfield>
    <subfield code="c">22 cm.</subfield>
  </datafield>
  <datafield tag="505" ind1=" " ind2=" ">
    <subfield code="a">1. Las privatizaciones y sus impactos macroecon&#xF3;micos, institucionales y sociales - 2. Las principales problem&#xE1;ticas y especificidades sectoriales en el &#xE1;mbito de las &#xE1;reas-mercados privatizados &#x2013; 3. Formulaci&#xF3;n de medidas y acciones espec&#xED;ficas de corto plazo. Lineamientos generales &#x2013; 4. Lineamientos de pol&#xED;ticas p&#xFA;blicas en el plano agregado de los servicios privatizados &#x2013; 5. La renegociaci&#xF3;n del conjunto de los contratos con las empresas privatizadas bajo la administraci&#xF3;n de Duhalde &#x2013; 6. Reflexiones finales.</subfield>
  </datafield>
  <datafield tag="041" ind1=" " ind2=" ">
    <subfield code="a">spa</subfield>
  </datafield>
  <datafield tag="942" ind1=" " ind2=" ">
    <subfield code="c">BK</subfield>
  </datafield>
  <datafield tag="590" ind1=" " ind2=" ">
    <subfield code="a">niveau_biblio:m niveau_hierar:0</subfield>
  </datafield>
  <datafield tag="100" ind1="1" ind2=" ">
    <subfield code="a">Azpiazu, Daniel</subfield>
  </datafield>
  <datafield tag="999" ind1=" " ind2=" ">
    <subfield code="c">7687</subfield>
    <subfield code="d">7687</subfield>
  </datafield>
  <datafield tag="952" ind1=" " ind2=" ">
    <subfield code="0">0</subfield>
    <subfield code="1">0</subfield>
    <subfield code="4">0</subfield>
    <subfield code="7">0</subfield>
    <subfield code="a">BCEJYS</subfield>
    <subfield code="b">BCEJYS</subfield>
    <subfield code="c">16</subfield>
    <subfield code="d">2026-04-07</subfield>
    <subfield code="l">0</subfield>
    <subfield code="o">338.246 A996</subfield>
    <subfield code="p">L86730</subfield>
    <subfield code="r">2026-04-07 15:59:18</subfield>
    <subfield code="w">2026-04-07</subfield>
    <subfield code="y">L</subfield>
  </datafield>
</record>
